书目信息 |
| 题名: |
鸡病免疫防治技术
|
|
| 作者: | 杨汉春 主编 | |
| 分册: | ||
| 出版信息: | 北京农业大学出版社 1994.10 |
|
| 页数: | 102页 | |
| 开本: | 32开 | |
| 丛书名: | ||
| 单 册: | ||
| 中图分类: | S858.31 | |
| 科图分类: | ||
| 主题词: | 兽医学 | |
| 电子资源: | ||
| ISBN: | ||
| 000 | 00532nam0 2200193 45 | |
| 001 | 0308271041 | |
| 005 | 20030827105621.0 | |
| 010 | @dRMB4.50 | |
| 100 | @a20030827d1994 km y0chiy0120 ea | |
| 101 | @achi | |
| 105 | @a z 000yy | |
| 200 | 1 | @a鸡病免疫防治技术@Aji bing mian yi fang zhi ji shu@f杨汉春主编@Fyang han chun zhu bian |
| 210 | @c北京农业大学出版社@d1994.10 | |
| 215 | @a102页@c无图表@d32开 | |
| 606 | 0 | @a兽医学 |
| 690 | @aS858.31@v3 | |
| 701 | 0 | @a杨汉春@4主编 |
| 801 | @aCN@b@c20030827 | |
| 905 | @aBZT@dS858.31@e49 | |
| 鸡病免疫防治技术/杨汉春主编.-北京农业大学出版社,1994.10 |
| 102页:无图表;32开 |
| ISBN :RMB4.50 |
| ● |
| 相关链接 |
|
|
|
正题名:鸡病免疫防治技术
索取号:S858.31/49
 
预约/预借
| 序号 | 登录号 | 条形码 | 馆藏地/架位号 | 状态 | 备注 |
| 1 | 79924 | 200320517 | 中心书库中库/ 中库031架A面5列1层96/ [索取号:S858.31/49] | 在馆 | |
| 2 | 79925 | 200320456 | 中心书库中库/ 中库031架A面5列1层95/ [索取号:S858.31/49] | 在馆 | |
| 3 | 79926 | 200320544 | 中心书库中库/ 中库031架A面5列1层94/ [索取号:S858.31/49] | 在馆 | |
| 4 | 79927 | 200320526 | 中心书库中库/ 中库031架A面5列1层93/ [索取号:S858.31/49] | 在馆 | |
| 5 | 79928 | 200320474 | 中心书库中库/ 中库031架A面5列1层92/ [索取号:S858.31/49] | 在馆 | |
| 6 | 79929 | 200320483 | 中心书库中库/ 中库031架A面5列1层91/ [索取号:S858.31/49] | 在馆 | |
| 7 | 79930 | 200320508 | 中心书库中库/ 中库031架A面5列1层90/ [索取号:S858.31/49] | 在馆 | |
| 8 | 79931 | 200320492 | 中心书库中库/ 中库031架A面5列1层89/ [索取号:S858.31/49] | 在馆 | |
| 9 | 79932 | 200320303 | 中心书库中库/ 中库031架A面5列1层97/ [索取号:S858.31/49] | 在馆 | |
| 10 | 79933 | 200320278 | 中心书库中库/ 中库031架A面5列1层88/ [索取号:S858.31/49] | 在馆 |